[Event "35th POL-ch"]
[Site "Krakow POL"]
[Date "1978.??.??"]
[Round "1"]
[White "Adamski, Jan"]
[Black "Gralka, Julian"]
[Result "1/2-1/2"]
[WhiteElo "2470"]
[BlackElo "2330"]
[EventDate "1978.??.??"]
[PlyCount "123"]

1.c4 g6 2.d4 Nf6 3.Nf3 Bg7 4.g3 O-O 5.Bg2 d6 6.O-O Nc6 7.Nc3 a6 8.d5 Na5 
9.b3 c5 10.Bb2 Rb8 11.Nd2 b5 12.Qc2 bxc4 13.bxc4 Bh6 14.f4 e5 15.dxe6 fxe6
16.Nce4 Nxe4 17.Bxe4 d5 18.Bg2 Rxb2 19.Qxb2 Bg7 20.Qc2 Bxa1 21.Rxa1 dxc4 
22.Nf3 Bb7 23.Rd1 Qb6 24.Rb1 Qd6 25.Rd1 Qb6 26.Ne5 Bxg2 27.Kxg2 Rd8 28.Kf2
Rd4 29.Rb1 Qd8 30.Qc3 Rd2 31.Nf3 Rd5 32.Ng5 e5 33.Ne6 Qd6 34.Qxa5 Qxe6 35.
Rb8+ Kg7 36.Qc3 Rd4 37.Qe3 Qf5 38.Rb7+ Kh6 39.Kg2 exf4 40.gxf4 Qg4+ 41.Qg3
Rxf4 42.Qxg4 Rxg4+ 43.Kf3 c3 $1 44.Rb1 Rh4 45.Kg3 Ra4 $2 
    ( 45...c2 $1 46.Rc1 Rc4 $19 )
46.Rc1 Rxa2 47.Rxc3 Rxe2 48.Rxc5 Re3+ 
    ( 48...Re7 49.Ra5 Ra7 $19 )
49.Kg2 Re4 50.Kf3 Rh4 $2 
    ( 50...Re7 $1 )
51.Kg3 Rh5 52.Rc6 Ra5 53.Rc7 $1 Ra3+ 54.Kg4 Ra1 55.h4 $1 a5 56.Ra7 a4 57.
Kg3 a3 58.Kf3 a2 59.Kg2 Kh5 60.Rxh7+ Kg4 61.Ra7 Kxh4 62.Ra8 1/2-1/2

[Event "35th POL-ch"]
[Site "Krakow POL"]
[Date "1978.??.??"]
[Round "1"]
[White "Dobrzynski, Wojciech"]
[Black "Bielczyk, Jacek"]
[Result "1/2-1/2"]
[WhiteElo "2315"]
[BlackElo "2380"]
[EventDate "1978.??.??"]
[PlyCount "32"]

1.Nf3 d6 2.d4 g6 3.g3 Bg7 4.Bg2 Nf6 5.O-O O-O 6.b3 c6 7.Bb2 a5 8.a4 Re8 9.
Nbd2 Qc7 10.Re1 Bg4 11.h3 Bxf3 12.Bxf3 e5 13.dxe5 dxe5 14.e4 Nbd7 15.Nc4 
Bf8 16.Qe2 Nb6 1/2-1/2

[Event "35th POL-ch"]
[Site "Krakow POL"]
[Date "1978.??.??"]
[Round "1"]
[White "Doda, Zbigniew"]
[Black "Pinkas, Karol"]
[Result "1-0"]
[WhiteElo "2405"]
[BlackElo "2360"]
[EventDate "1978.??.??"]
[PlyCount "103"]

1.Nf3 Nc6 2.d4 d5 3.Bf4 e6 4.e3 Bd6 5.c3 Nge7 6.Bb5 O-O 7.Nbd2 Ng6 8.Bg3 
Bd7 9.O-O Qe8 10.Bxc6 Bxc6 11.c4 Bxg3 12.hxg3 dxc4 13.Nxc4 Bd5 14.Rc1 Rc8 
15.b3 Qc6 16.Qe2 Qa6 17.e4 Bc6 18.Rfe1 Rfd8 19.Qb2 f6 20.a4 Be8 21.Qa3 b6 
22.Rcd1 Qb7 23.Qb2 Ne7 24.Qe2 Bh5 25.Qe3 Nc6 26.Rd2 Nb4 27.Red1 Rd7 28.Qf4
Rcd8 29.g4 Bg6 30.Re1 a6 31.g5 b5 32.Nb2 Rf8 33.gxf6 gxf6 34.Qg4 f5 35.
exf5 exf5 36.Qg5 Qd5 37.Nd3 Nxd3 38.Rxd3 Rg7 39.Re5 Qd7 40.axb5 f4 41.Rc3 
axb5 42.Qh4 b4 43.Rc1 Bf7 44.Re7 Qf5 45.Rcxc7 Qb1+ 46.Re1 Qg6 47.Qh3 Bxb3 
48.Nh4 Qf6 49.Qxb3+ Kh8 50.Rxg7 Qxg7 51.Qxb4 Rg8 52.Qd6 1-0

[Event "35th POL-ch"]
[Site "Krakow POL"]
[Date "1978.??.??"]
[Round "1"]
[White "Kruszynski, Wlodzimierz"]
[Black "Witkowski, Stefan"]
[Result "1/2-1/2"]
[WhiteElo "2265"]
[BlackElo "2365"]
[EventDate "1978.??.??"]
[PlyCount "37"]

1.e4 c5 2.Nf3 Nc6 3.d4 cxd4 4.Nxd4 Nf6 5.Nc3 e6 6.Ndb5 Bb4 7.a3 Bxc3+ 8.
Nxc3 d5 9.exd5 exd5 10.Bd3 d4 11.Ne2 Bf5 12.O-O Bg6 13.Bb5 O-O 14.Bxc6 
bxc6 15.Qxd4 Bxc2 16.Qc5 Be4 17.Nc3 Qd7 18.h3 Bc2 19.Re1 1/2-1/2

[Event "35th POL-ch"]
[Site "Krakow POL"]
[Date "1978.??.??"]
[Round "1"]
[White "Kuligowski, Adam"]
[Black "Lipski, Tadeusz"]
[Result "1-0"]
[WhiteElo "2310"]
[BlackElo "2310"]
[EventDate "1978.??.??"]
[PlyCount "75"]

1.c4 Nf6 2.Nf3 g6 3.g3 Bg7 4.Bg2 O-O 5.O-O d5 6.cxd5 Nxd5 7.d4 Nb6 8.Nc3 
Nc6 9.e3 e5 10.d5 Na5 11.e4 c6 12.Bg5 f6 13.Be3 cxd5 14.exd5 Nac4 15.Bc5 
Rf7 16.b3 Nd6 17.a4 Bg4 18.h3 Bxf3 19.Qxf3 f5 20.Rac1 Nbc8 21.Rfd1 Rb8 22.
Bf1 b6 23.Ba3 h5 24.Nb5 Kh7 25.Rc6 Rd7 26.Rdc1 Nxb5 27.Bxb5 Ne7 28.Re6 e4 
29.Qe2 Nxd5 30.Bxd7 Qxd7 31.Rd6 Qb7 32.Qc4 Nf6 33.Qc6 Qf7 34.Bb2 Ne8 35.
Rd7 Qxb3 36.Bxg7 Nxg7 37.Qf6 Rg8 38.Rcc7 1-0

[Event "35th POL-ch"]
[Site "Krakow POL"]
[Date "1978.??.??"]
[Round "1"]
[White "Pokojowczyk, Jerzy"]
[Black "Skrobek, Ryszard"]
[Result "0-1"]
[WhiteElo "2385"]
[BlackElo "2460"]
[EventDate "1978.??.??"]
[PlyCount "114"]

1.e4 c5 2.Nf3 Nc6 3.d4 cxd4 4.Nxd4 Nf6 5.Nc3 e6 6.Ndb5 d6 7.Bf4 e5 8.Bg5 
a6 9.Na3 b5 10.Bxf6 gxf6 11.Nd5 f5 12.Bd3 Be6 13.c3 Bg7 14.Nc2 O-O 15.Nce3
fxe4 16.Bxe4 f5 17.Bc2 Rc8 18.Qh5 Bxd5 19.Nxd5 e4 20.Bb3 Kh8 21.O-O Ne5 
22.Rae1 Qe8 23.Qxe8 Rfxe8 24.Re2 Bh6 25.Ne3 Bxe3 26.fxe3 Rc5 27.Rxf5 Nf3+ 
28.Rxf3 exf3 29.gxf3 Rg5+ 30.Kf1 Re7 31.f4 Rg4 32.Kf2 Rh4 33.Kg3 Rh6 34.
Bd5 Rh5 35.Bf3 Rg7+ 36.Bg4 Rd5 37.Kf3 Rd1 38.Rf2 Re7 39.e4 Kg7 40.Bf5 Kf6 
41.Ke2 Rg1 42.Ke3 d5 43.Re2 Rf1 44.a4 bxa4 45.c4 dxe4 46.Bxe4 Rd1 47.h4 
Rh1 48.Kd4 Rxh4 49.Rf2 Rh3 50.c5 a3 51.bxa3 Rxa3 52.Re2 h5 53.c6 h4 54.Kd5
h3 55.Kd6 Rc3 56.Rc2 Rxc2 57.Bxc2 h2 0-1

[Event "35th POL-ch"]
[Site "Krakow POL"]
[Date "1978.??.??"]
[Round "1"]
[White "Schmidt, Wlodzimierz"]
[Black "Pytel, Krzysztof"]
[Result "1-0"]
[WhiteElo "2505"]
[BlackElo "2390"]
[EventDate "1978.??.??"]
[PlyCount "81"]

1.d4 e6 2.c4 Nf6 3.Nc3 Bb4 4.g3 c5 5.Nf3 b6 6.Bg2 Bb7 7.O-O O-O 8.d5 Bxc3 
9.bxc3 exd5 10.Nh4 d6 11.cxd5 Nbd7 12.e4 Re8 13.Re1 b5 14.Rb1 Ba6 15.Nf5 
Nb6 16.Bf1 Na4 17.Qf3 Nd7 18.Bf4 Qf6 19.Re3 Ne5 20.Bxe5 Qxe5 21.Bxb5 Rab8 
22.c4 Bxb5 23.cxb5 a6 24.Qf4 Qxf4 25.gxf4 Rb6 26.e5 dxe5 27.fxe5 axb5 28.
Nd6 Reb8 29.Ra3 c4 30.Rxb5 Rxb5 31.Nxb5 Nc5 32.Nd6 g5 33.Nxc4 g4 34.h3 Rb4
35.Nd6 Nd7 36.e6 fxe6 37.dxe6 Nf6 38.e7 Rb1+ 39.Kg2 Re1 40.Re3 gxh3+ 41.
Kxh3 1-0

[Event "35th POL-ch"]
[Site "Krakow POL"]
[Date "1978.??.??"]
[Round "1"]
[White "Swic, Waldemar"]
[Black "Adamski, Andrzej"]
[Result "1-0"]
[WhiteElo "2275"]
[BlackElo "2365"]
[EventDate "1978.??.??"]
[PlyCount "64"]

1.e4 g6 2.d4 Bg7 3.Nc3 d6 4.f4 a6 5.Nf3 b5 6.Bd3 Bb7 7.Qe2 Nd7 
    ( 7...c5 $6 8.dxc5 dxc5 9.e5 $1 Nc6 10.Be3 Nd4 11.Nxd4 cxd4 12.Rd1 $1 
    $16 )
    ( 7...Nf6 $2 8.e5 dxe5 9.fxe5 Nd5 10.Ng5 $1 $16 )
8.e5 c5 $2 
    ( 8...e6 )
9.e6 $1 
    ( 9.Ng5 {/\ e6} )
9...fxe6 10.Ng5 Nf8 11.dxc5 Rc8 12.Bd2 dxc5 13.O-O-O Qb6 14.Rhe1 c4 $2 
    ( 14...Nf6 )
15.Be4 Bxe4 16.Ncxe4 b4 17.Be3 Qa5 18.Kb1 h6 19.Nf3 c3 20.Bd4 Nf6 21.Bxf6 
Bxf6 22.Nxf6+ exf6 23.Nd4 Qb6 24.Nxe6 Nxe6 25.Qxe6+ Qxe6 26.Rxe6+ Kf7 27.
Rdd6 f5 28.Rf6+ Ke7 29.Rde6+ Kd7 30.Rxa6 g5 31.Ra7+ Ke8 32.Rxf5 Rf8 1-0

[Event "35th POL-ch"]
[Site "Krakow POL"]
[Date "1978.??.??"]
[Round "1"]
[White "Sydor, Andrzej"]
[Black "Sznapik, Aleksander"]
[Result "0-1"]
[WhiteElo "2395"]
[BlackElo "2430"]
[EventDate "1978.??.??"]
[PlyCount "44"]

1.d4 Nf6 2.Nf3 g6 3.g3 Bg7 4.Bg2 O-O 5.O-O d6 6.Nc3 c6 7.e4 Nbd7 8.h3 e5 
9.Bg5 h6 10.Be3 Qe7 11.Qd2 Kh7 12.Rad1 Ne8 13.Nh2 Ndf6 14.f4 exf4 15.gxf4 
d5 16.e5 Nh5 17.Ne2 Bf5 18.Ng4 Nc7 19.Kh2 f6 20.Bg1 fxe5 21.fxe5 Ne6 22.
Ne3 Nxd4 0-1

[Event "35th POL-ch"]
[Site "Krakow POL"]
[Date "1978.??.??"]
[Round "2"]
[White "Adamski, Andrzej"]
[Black "Sznapik, Aleksander"]
[Result "0-1"]
[WhiteElo "2365"]
[BlackElo "2430"]
[EventDate "1978.??.??"]
[PlyCount "74"]

1.e4 c6 2.Nf3 g6 3.d4 Bg7 4.Be2 d6 5.O-O Nf6 6.Nc3 O-O 7.h3 Nbd7 8.a4 e5 
9.dxe5 dxe5 10.Re1 Qe7 11.Be3 Nc5 12.Nd2 Rd8 13.Qb1 Ne6 14.Bf1 Nh5 15.b4 
Nhf4 16.Nf3 Nd4 17.Nh2 Be6 18.Nd1 a5 19.bxa5 Rxa5 20.c3 Nb3 21.Bb6 Raa8 
22.Bxd8 Rxd8 23.Ra2 Nd2 24.Rxd2 Rxd2 25.Nf3 Ra2 26.g3 Nh5 27.Qb6 Rxa4 28.
Kg2 Qf6 29.Re3 Bh6 30.Rd3 Rxe4 31.Qxb7 Kg7 32.Nd2 Re1 33.Ne3 Bxe3 34.fxe3 
e4 35.Rd4 Rxf1 36.Nxf1 Qf3+ 37.Kg1 Bxh3 0-1

[Event "35th POL-ch"]
[Site "Krakow POL"]
[Date "1978.??.??"]
[Round "2"]
[White "Bielczyk, Jacek"]
[Black "Sydor, Andrzej"]
[Result "1/2-1/2"]
[WhiteElo "2380"]
[BlackElo "2395"]
[EventDate "1978.??.??"]
[PlyCount "29"]

1.e4 e5 2.Nf3 Nc6 3.Bb5 a6 4.Ba4 Nf6 5.d4 exd4 6.O-O Be7 7.Re1 O-O 8.e5 
Ne8 9.Bf4 f6 10.Bxc6 bxc6 11.Qxd4 fxe5 12.Nxe5 Nf6 13.Qc4+ Nd5 14.Bg3 Rb8 
15.Nd3 1/2-1/2

[Event "35th POL-ch"]
[Site "Krakow POL"]
[Date "1978.??.??"]
[Round "2"]
[White "Gralka, Julian"]
[Black "Doda, Zbigniew"]
[Result "1/2-1/2"]
[WhiteElo "2330"]
[BlackElo "2405"]
[EventDate "1978.??.??"]
[PlyCount "25"]

1.c4 g6 2.d4 Bg7 3.Nc3 c5 4.d5 d6 5.Nf3 Nf6 6.e4 O-O 7.Be2 e6 8.dxe6 fxe6 
9.O-O Nc6 10.Bg5 h6 11.Bh4 Qe7 12.Re1 Rd8 13.Bd3 1/2-1/2

[Event "35th POL-ch"]
[Site "Krakow POL"]
[Date "1978.??.??"]
[Round "2"]
[White "Lipski, Tadeusz"]
[Black "Schmidt, Wlodzimierz"]
[Result "0-1"]
[WhiteElo "2310"]
[BlackElo "2505"]
[EventDate "1978.??.??"]
[PlyCount "78"]

1.d4 Nf6 2.Nc3 d5 3.Bg5 c6 4.e4 Nxe4 5.Nxe4 dxe4 6.Qd2 h6 7.Bf4 Bf5 8.
O-O-O e6 9.f3 Bd6 10.g4 Bg6 11.Bg2 exf3 12.Nxf3 Be4 13.h4 Bxf3 14.Bxf3 Qc7
15.Bxd6 Qxd6 16.Rhe1 Qg3 17.Re3 Qxh4 18.d5 O-O 19.Rh1 Qf6 20.Be4 exd5 21.
Rf3 Qe5 22.Bf5 Re8 23.g5 Na6 24.gxh6 g6 25.Qg2 Re7 26.Bxg6 fxg6 27.Qxg6+ 
Kh8 28.Rg3 Rae8 29.c3 Qf4+ 30.Kd1 Qf2 31.Qg7+ Rxg7 32.hxg7+ Kg8 33.Rh8+ 
Kf7 34.g8=Q+ Rxg8 35.Rhxg8 Qf1+ 36.Kd2 Qf6 37.R8g4 Nc5 38.Ke2 Qe6+ 39.Kf3 
Ne4 0-1

[Event "35th POL-ch"]
[Site "Krakow POL"]
[Date "1978.??.??"]
[Round "2"]
[White "Pinkas, Karol"]
[Black "Kuligowski, Adam"]
[Result "1/2-1/2"]
[WhiteElo "2360"]
[BlackElo "2310"]
[EventDate "1978.??.??"]
[PlyCount "123"]

1.e4 c5 2.Nf3 d6 3.d4 cxd4 4.Nxd4 Nf6 5.Nc3 e6 6.Be3 a6 7.Be2 Be7 8.O-O 
O-O 9.f4 Qc7 10.Qe1 b5 11.Bf3 Bb7 12.a3 Nbd7 13.Kh1 Rfe8 14.Qg3 Nc5 15.e5 
Nfe4 16.Nxe4 Nxe4 17.Qg4 dxe5 18.fxe5 Qxe5 19.Rae1 f5 20.Qh3 Bf6 21.c3 Qc7
22.Bd1 Bd5 23.Bc2 Rad8 24.Bg1 Qb7 25.Bd3 g6 26.Re2 Bg7 27.Rfe1 h6 28.Be3 
g5 29.Kg1 Nf6 30.Bf2 Qf7 31.a4 Bc4 32.Bxc4 bxc4 33.Nxe6 Rd5 34.Nxg7 Rxe2 
35.Rxe2 Kxg7 36.Bd4 Kg6 37.Qe3 Ne4 38.g4 Nd6 39.Qe6+ Qxe6 40.Rxe6+ Kf7 41.
Rxh6 fxg4 42.Kg2 Ke7 43.Rg6 Kd7 44.Kf2 Ra5 45.Ke2 Rxa4 46.Bc5 Ne4 47.Bb4 
a5 48.Bf8 Ra2 49.Ke3 Ke8 50.Bh6 Nc5 51.Rxg5 Nd3 52.b3 Rxh2 53.bxc4 Nb2 54.
Bg7 a4 55.Rxg4 a3 56.Rg1 a2 57.Ra1 Nxc4+ 58.Kd3 Nb2+ 59.Kd4 Rd2+ 60.Kc5 
Kf7 61.Bd4 Ke6 62.c4 1/2-1/2

[Event "35th POL-ch"]
[Site "Krakow POL"]
[Date "1978.??.??"]
[Round "2"]
[White "Pytel, Krzysztof"]
[Black "Pokojowczyk, Jerzy"]
[Result "1/2-1/2"]
[WhiteElo "2390"]
[BlackElo "2385"]
[EventDate "1978.??.??"]
[PlyCount "70"]

1.c4 g6 2.d4 Nf6 3.Nc3 Bg7 4.e4 d6 5.f4 c5 6.d5 O-O 7.Nf3 b5 8.cxb5 a6 9.
a4 axb5 10.Bxb5 Na6 11.O-O Nb4 12.e5 Ne8 13.Be3 Ba6 14.Bxa6 Rxa6 15.b3 Nc7
16.Rc1 Qa8 17.Qd2 Nbxd5 18.Nxd5 Qxd5 19.b4 Rxa4 20.exd6 exd6 21.bxc5 Qxd2 
22.Bxd2 dxc5 23.Rxc5 Ne6 24.Rd5 Nxf4 25.Bxf4 Rxf4 26.g3 Rc4 27.Kg2 Rc7 28.
Rf2 Rb8 29.Ng5 h6 30.Nf3 Bf8 31.Ne5 Rbb7 32.Rd8 Kg7 33.Rd5 Ba3 34.Ra5 Bc1 
35.Rd5 Be3 1/2-1/2

[Event "35th POL-ch"]
[Site "Krakow POL"]
[Date "1978.??.??"]
[Round "2"]
[White "Skrobek, Ryszard"]
[Black "Kruszynski, Wlodzimierz"]
[Result "1-0"]
[WhiteElo "2460"]
[BlackElo "2265"]
[EventDate "1978.??.??"]
[PlyCount "79"]

1.e4 c5 2.Nf3 e6 3.d4 cxd4 4.Nxd4 Nc6 5.Nb5 d6 6.Bf4 e5 7.Be3 Nf6 8.N1c3 
a6 9.Na3 b5 10.Nd5 Nxd5 11.exd5 Ne7 12.c4 Nf5 13.Bd2 Be7 14.cxb5 O-O 15.
bxa6 e4 16.Be2 Bf6 17.Rb1 Nd4 18.Bc4 Bxa6 19.Bc3 Nf5 20.Bxf6 Qxf6 21.Bxa6 
Rxa6 22.O-O Qg6 23.Qb3 Nd4 24.Qe3 Nf3+ 25.Kh1 Ne5 26.Rbc1 Nd3 27.Rc2 Rb8 
28.f3 exf3 29.Qxf3 Ne5 30.Qh3 Ng4 31.Rfc1 h6 32.Qg3 Qf5 33.h3 Nf6 34.Rc6 
Raa8 35.Qxd6 Rxb2 36.Nc4 Rbxa2 37.Nb6 Re8 38.Rc8 Rxc8 39.Nxc8 Ne4 40.Ne7+ 
1-0

[Event "35th POL-ch"]
[Site "Krakow POL"]
[Date "1978.??.??"]
[Round "2"]
[White "Swic, Waldemar"]
[Black "Adamski, Jan"]
[Result "1/2-1/2"]
[WhiteElo "2275"]
[BlackElo "2470"]
[EventDate "1978.??.??"]
[PlyCount "44"]

1.e4 c5 2.Nf3 d6 3.d4 Nf6 4.Nc3 cxd4 5.Nxd4 a6 6.Be2 e6 7.O-O Be7 8.f4 O-O
9.Kh1 Qc7 10.Qe1 Nc6 11.Be3 Bd7 12.Qg3 b5 13.a3 Nxd4 14.Bxd4 Bc6 15.Rae1 
Qb7 16.Bd3 g6 17.e5 dxe5 18.fxe5 Nh5 19.Qg4 Rad8 20.Be3 Ng7 21.Ne4 h5 22.
Qf4 Nf5 1/2-1/2

[Event "35th POL-ch"]
[Site "Krakow POL"]
[Date "1978.??.??"]
[Round "2"]
[White "Witkowski, Stefan"]
[Black "Dobrzynski, Wojciech"]
[Result "1/2-1/2"]
[WhiteElo "2365"]
[BlackElo "2315"]
[EventDate "1978.??.??"]
[PlyCount "33"]

1.e4 g6 2.d4 Bg7 3.Nc3 d6 4.Nf3 Nf6 5.Bf4 O-O 6.Qd2 Nc6 7.d5 e5 8.dxe6 
Bxe6 9.O-O-O a6 10.h4 Bg4 11.Bh6 Re8 12.Bxg7 Kxg7 13.Qf4 Qe7 14.h5 gxh5 
15.Nd5 Nxd5 16.exd5 Ne5 17.Nd4 1/2-1/2

[Event "35th POL-ch"]
[Site "Krakow POL"]
[Date "1978.??.??"]
[Round "3"]
[White "Adamski, Jan"]
[Black "Adamski, Andrzej"]
[Result "1/2-1/2"]
[WhiteElo "2470"]
[BlackElo "2365"]
[EventDate "1978.??.??"]
[PlyCount "78"]

1.Nf3 g6 2.c4 Bg7 3.d4 d6 4.Nc3 e5 5.dxe5 dxe5 6.Qxd8+ Kxd8 7.Bg5+ f6 8.
O-O-O+ Nd7 9.Bd2 Nh6 10.Rg1 c6 11.g4 Nf7 12.Ne4 Kc7 13.e3 c5 14.h4 b6 15.
h5 Bb7 16.Bd3 Nd6 17.Nxd6 Bxf3 18.Be4 Bxe4 19.Nxe4 Rhe8 20.Bc3 Re6 21.Rd5 
Rae8 22.Rgd1 R8e7 23.hxg6 hxg6 24.b4 Bf8 25.bxc5 Nxc5 26.Nxc5 bxc5 27.
Rxc5+ Rc6 28.Ba5+ Kb7 29.Bb4 Rf7 30.Rxc6 Kxc6 31.Bxf8 Rxf8 32.Rd5 Rh8 33.
Ra5 Kb6 34.Rd5 Kc6 35.Kd2 Rh4 36.Ra5 Rxg4 37.Rxa7 f5 38.Kd3 Rg2 39.Ke2 Kc5
1/2-1/2

[Event "35th POL-ch"]
[Site "Krakow POL"]
[Date "1978.??.??"]
[Round "3"]
[White "Dobrzynski, Wojciech"]
[Black "Skrobek, Ryszard"]
[Result "0-1"]
[WhiteElo "2315"]
[BlackElo "2460"]
[EventDate "1978.??.??"]
[PlyCount "70"]

1.Nf3 Nf6 2.g3 b5 3.Bg2 Bb7 4.O-O e6 5.d3 Be7 6.Nbd2 O-O 7.a4 a6 8.e4 d6 
9.axb5 axb5 10.Rxa8 Bxa8 11.Nd4 Qd7 12.f4 c5 13.N4f3 c4 14.Kh1 Na6 15.Qe2 
cxd3 16.cxd3 Nb4 17.Nb3 Bb7 18.Nfd4 g6 19.Bd2 Na6 20.Ra1 Nc5 21.Na5 Re8 
22.Rc1 Rc8 23.Nxb7 Qxb7 24.e5 Nd5 25.b4 dxe5 26.fxe5 Na6 27.Rxc8+ Qxc8 28.
Bxd5 exd5 29.Nxb5 Bxb4 30.Bf4 Qe8 31.Nd4 Nc5 32.Nc2 Qb5 33.Ne3 Nxd3 34.Ng4
Bc5 35.Kg2 Nxf4+ 0-1

[Event "35th POL-ch"]
[Site "Krakow POL"]
[Date "1978.??.??"]
[Round "3"]
[White "Doda, Zbigniew"]
[Black "Swic, Waldemar"]
[Result "1/2-1/2"]
[WhiteElo "2405"]
[BlackElo "2275"]
[EventDate "1978.??.??"]
[PlyCount "26"]

1.Nf3 Nf6 2.c4 g6 3.g3 Bg7 4.Bg2 O-O 5.O-O d5 6.d4 Nc6 7.cxd5 Nxd5 8.e4 
Nb6 9.d5 Nb8 10.Nc3 c6 11.Re1 Na6 12.dxc6 bxc6 13.Bg5 Be6 1/2-1/2

[Event "35th POL-ch"]
[Site "Krakow POL"]
[Date "1978.??.??"]
[Round "3"]
[White "Kruszynski, Wlodzimierz"]
[Black "Pytel, Krzysztof"]
[Result "0-1"]
[WhiteElo "2265"]
[BlackElo "2390"]
[EventDate "1978.??.??"]
[PlyCount "80"]

1.e4 e5 2.Nf3 Nc6 3.Bb5 a6 4.Ba4 d6 5.O-O Bd7 6.c3 Nf6 7.Re1 g6 8.d4 Qe7 
9.d5 Nd8 10.c4 Bg7 11.Nc3 O-O 12.Bxd7 Nxd7 13.Rb1 f5 14.b4 Nf7 15.exf5 
gxf5 16.Nd4 Nd8 17.Qh5 Qf6 18.Nde2 Qg6 19.Qxg6 hxg6 20.c5 Rf7 21.Na4 Bf8 
22.cxd6 Bxd6 23.Be3 b6 24.f4 Nb7 25.Nac3 Re8 26.fxe5 Nxe5 27.Nf4 Nc4 28.
Ne6 Be5 29.Nd1 Rd7 30.Bf2 Nd2 31.Rc1 Ne4 32.Ne3 Nd8 33.Nxd8 Rdxd8 34.h3 
Bc3 35.Re2 Bxb4 36.Rxc7 Bc5 37.Bh4 g5 38.Kh1 gxh4 39.Nxf5 Ng3+ 40.Nxg3 
hxg3 0-1

[Event "35th POL-ch"]
[Site "Krakow POL"]
[Date "1978.??.??"]
[Round "3"]
[White "Kuligowski, Adam"]
[Black "Gralka, Julian"]
[Result "0-1"]
[WhiteElo "2310"]
[BlackElo "2330"]
[EventDate "1978.??.??"]
[PlyCount "58"]

1.d4 Nf6 2.c4 g6 3.Nc3 Bg7 4.e4 d6 5.f3 O-O 6.Be3 e5 7.d5 c6 8.Bd3 b5 9.
Nge2 bxc4 10.Bxc4 c5 11.O-O Nfd7 12.a3 Nb6 13.Bb5 a6 14.Bd3 a5 15.b4 axb4 
16.axb4 Rxa1 17.Qxa1 cxb4 18.Na4 Nxd5 19.Bf2 Ne7 20.Nb6 Be6 21.Qa4 d5 22.
exd5 Nxd5 23.Nxd5 Qxd5 24.Bb5 b3 25.Nc3 Qd2 26.Ne4 Qa2 27.Nc5 b2 28.Qb4 
Bf5 29.Bd3 Nc6 0-1

[Event "35th POL-ch"]
[Site "Krakow POL"]
[Date "1978.??.??"]
[Round "3"]
[White "Pokojowczyk, Jerzy"]
[Black "Lipski, Tadeusz"]
[Result "1-0"]
[WhiteElo "2385"]
[BlackElo "2310"]
[EventDate "1978.??.??"]
[PlyCount "47"]

1.e4 e5 2.Nf3 Nc6 3.Bb5 f5 4.Nc3 Nd4 5.exf5 Nxb5 6.Nxb5 d6 
    ( 6...e4 7.Ne5 Nf6 8.Ng4 $16 )
7.Qe2 $1 
    ( 7.d4 )
7...Bxf5 
    ( 7...c6 $5 )
8.d4 e4 9.Ng5 Qd7 10.g4 Bg6 11.Ne6 $1 c6 
    ( 11...Rc8 )
12.Nbc7+ Ke7 13.f4 Rc8 14.f5 Bf7 15.Qxe4 Nf6 16.Qe2 Bxe6 17.Nxe6 Kf7 18.g5
Nd5 19.O-O Re8 20.Bd2 Kg8 21.Rae1 Qf7 22.Qg2 g6 23.c4 Nc7 24.fxg6 1-0

[Event "35th POL-ch"]
[Site "Krakow POL"]
[Date "1978.??.??"]
[Round "3"]
[White "Schmidt, Wlodzimierz"]
[Black "Pinkas, Karol"]
[Result "1/2-1/2"]
[WhiteElo "2505"]
[BlackElo "2360"]
[EventDate "1978.??.??"]
[PlyCount "23"]

1.c4 Nf6 2.Nc3 e5 3.Nf3 Nc6 4.e3 Bb4 5.Qc2 O-O 6.a3 Bxc3 7.Qxc3 Re8 8.d3 
d5 9.cxd5 Nxd5 10.Qc2 Bf5 11.Nd2 Bg6 12.g3 1/2-1/2

[Event "35th POL-ch"]
[Site "Krakow POL"]
[Date "1978.??.??"]
[Round "3"]
[White "Sydor, Andrzej"]
[Black "Witkowski, Stefan"]
[Result "1/2-1/2"]
[WhiteElo "2395"]
[BlackElo "2365"]
[EventDate "1978.??.??"]
[PlyCount "25"]

1.d4 Nf6 2.Nf3 g6 3.g3 Bg7 4.Bg2 d5 5.O-O O-O 6.c4 dxc4 7.Na3 c3 8.bxc3 c5
9.Nc4 Nc6 10.Nfe5 Nd5 11.Bb2 Be6 12.Nxc6 bxc6 13.Qa4 1/2-1/2

[Event "35th POL-ch"]
[Site "Krakow POL"]
[Date "1978.??.??"]
[Round "3"]
[White "Sznapik, Aleksander"]
[Black "Bielczyk, Jacek"]
[Result "1-0"]
[WhiteElo "2430"]
[BlackElo "2380"]
[EventDate "1978.??.??"]
[PlyCount "63"]

1.e4 c5 2.Nf3 Nc6 3.d4 cxd4 4.Nxd4 Nf6 5.Nc3 d6 6.Be2 e6 7.Be3 Be7 8.O-O 
O-O 9.f4 e5 10.Nb3 a5 11.a4 Nb4 12.Kh1 Bd7 13.Bf3 Qc7 14.Rc1 Rfe8 15.Qe2 
b6 16.Qf2 Rab8 17.Qg3 Rbc8 18.Nd2 Kh8 19.Be2 Be6 20.Nb5 Qb8 21.c3 Nc6 22.
f5 Bd7 23.Bc4 Nd8 24.Qf3 Qb7 25.Bg5 Nxe4 26.Nxe4 Rxc4 27.Nbxd6 Qc8 28.Bxe7
Rxe7 29.Nxc4 Qxc4 30.f6 Re6 31.Rcd1 Qc7 32.Qd3 1-0

[Event "35th POL-ch"]
[Site "Krakow POL"]
[Date "1978.??.??"]
[Round "4"]
[White "Adamski, Andrzej"]
[Black "Bielczyk, Jacek"]
[Result "0-1"]
[WhiteElo "2365"]
[BlackElo "2380"]
[EventDate "1978.??.??"]
[PlyCount "98"]

1.e4 c5 2.Nc3 Nc6 3.g3 g6 4.Bg2 Bg7 5.f4 d6 6.d3 e6 7.Nf3 Nge7 8.O-O O-O 
9.Be3 Nd4 10.Qd2 Rb8 11.Nd1 b5 12.Nh4 Qb6 13.c3 Ndc6 14.Qf2 Qc7 15.d4 cxd4
16.cxd4 d5 17.e5 f6 18.exf6 Bxf6 19.Nf3 Nf5 20.Nc3 Nb4 21.Ne1 Qc4 22.Rd1 
Nxa2 23.Nxa2 Qxa2 24.Bc1 Bd7 25.g4 Nd6 26.Nd3 Ne4 27.Bxe4 dxe4 28.Ne5 Qd5 
29.Nxd7 Qxd7 30.Qe3 Qd5 31.Rfe1 Rbc8 32.Qxe4 Kf7 33.Qxd5 exd5 34.Be3 Rfe8 
35.g5 Bd8 36.Kf2 Bb6 37.Rc1 a5 38.h4 a4 39.h5 gxh5 40.f5 b4 41.Kf3 b3 42.
Ra1 Rc4 43.Rh1 Rxe3+ $1 44.Kxe3 Bxd4+ 45.Kd3 Bxb2 46.Rae1 Rd4+ 47.Ke3 Re4+
48.Kd3 Rxe1 49.Rxe1 a3 0-1

[Event "35th POL-ch"]
[Site "Krakow POL"]
[Date "1978.??.??"]
[Round "4"]
[White "Gralka, Julian"]
[Black "Schmidt, Wlodzimierz"]
[Result "1/2-1/2"]
[WhiteElo "2330"]
[BlackElo "2505"]
[EventDate "1978.??.??"]
[PlyCount "52"]

1.d4 Nf6 2.c4 g6 3.Nc3 d5 4.cxd5 Nxd5 5.e4 Nxc3 6.bxc3 Bg7 7.Bc4 c5 8.Ne2 
Nc6 9.Be3 O-O 10.O-O cxd4 11.cxd4 Bg4 12.f3 Na5 13.Bd3 Be6 14.d5 Bxa1 15.
Qxa1 f6 16.Qd4 Bf7 17.Bh6 Re8 18.Bb5 e5 19.Qf2 Re7 20.Be3 Rc8 21.Bxa7 Nc4 
22.Bxc4 Rxc4 23.Bc5 Rd7 24.a3 Qc8 25.Bb4 Rc2 26.Qe3 Rdc7 1/2-1/2

[Event "35th POL-ch"]
[Site "Krakow POL"]
[Date "1978.??.??"]
[Round "4"]
[White "Lipski, Tadeusz"]
[Black "Kruszynski, Wlodzimierz"]
[Result "1-0"]
[WhiteElo "2310"]
[BlackElo "2265"]
[EventDate "1978.??.??"]
[PlyCount "55"]

1.e4 c5 2.Nf3 e6 3.c3 Nf6 4.e5 Nd5 5.d4 cxd4 6.cxd4 d6 7.a3 Be7 8.Bd3 Bd7 
9.Nc3 Nxc3 10.bxc3 Bc6 11.Bf4 Qc7 12.O-O Nd7 13.Re1 dxe5 14.Nxe5 Nxe5 15.
Bxe5 Bd6 16.Qg4 Bxe5 17.Rxe5 O-O-O 18.Rb1 g6 19.Rc5 h5 20.Qe2 Rd5 21.Rc4 
Ra5 22.Be4 Rxa3 23.Bxc6 bxc6 24.Rcb4 Ra5 25.c4 Ra6 26.c5 Ra5 27.d5 Rxc5 
28.Qa6+ 1-0

[Event "35th POL-ch"]
[Site "Krakow POL"]
[Date "1978.??.??"]
[Round "4"]
[White "Pinkas, Karol"]
[Black "Pokojowczyk, Jerzy"]
[Result "1-0"]
[WhiteElo "2360"]
[BlackElo "2385"]
[EventDate "1978.??.??"]
[PlyCount "77"]

1.e4 c5 2.Nf3 d6 3.d4 Nf6 4.Nc3 cxd4 5.Nxd4 a6 6.Be3 e5 7.Nf3 Qc7 8.a4 Be6
9.a5 h6 10.g3 Nbd7 11.Bg2 Be7 12.O-O O-O 13.h3 b5 14.axb6 Nxb6 15.Nh4 Rfb8
16.Bc1 Bf8 17.Kh2 a5 18.f4 Nh7 19.Nf5 Rc8 20.Ne3 a4 21.Bd2 Qb8 22.f5 Bc4 
23.Rg1 Ba6 24.g4 Nc4 25.Nxc4 Rxc4 26.Nxa4 Bb7 27.b3 Rc8 28.Rc1 Bc6 29.Nc3 
d5 30.exd5 e4+ 31.Kh1 Qe5 32.Nxe4 Bxd5 33.Re1 Ra2 34.Nc3 Bxg2+ 35.Kxg2 Qd6
36.Nxa2 Qd5+ 37.Kg1 Bc5+ 38.Be3 Bxe3+ 39.Rxe3 1-0

[Event "35th POL-ch"]
[Site "Krakow POL"]
[Date "1978.??.??"]
[Round "4"]
[White "Pytel, Krzysztof"]
[Black "Dobrzynski, Wojciech"]
[Result "0-1"]
[WhiteElo "2390"]
[BlackElo "2315"]
[EventDate "1978.??.??"]
[PlyCount "83"]

1.c4 g6 2.Nc3 Bg7 3.d4 d6 4.e4 Nd7 5.Be3 e5 6.d5 Ngf6 7.f3 Nh5 8.Qd2 f5 9.
O-O-O O-O 10.Bd3 f4 11.Bf2 Bf6 12.Nge2 Bh4 13.Bg1 Qg5 14.g4 fxg3 15.Be3 
Qe7 16.hxg3 Nxg3 17.Nxg3 Bxg3 18.Ne2 Rxf3 19.Bg5 Qf7 20.Nxg3 Nc5 21.Be2 
Rxg3 22.Rdf1 Qe8 23.Bf6 Bh3 24.Rxh3 Rxh3 25.Bg4 Nxe4 26.Qg2 Nxf6 27.Rxf6 
Rh4 28.Be6+ Kg7 29.Qf3 Rxc4+ 30.Kb1 Qd8 31.Rf7+ Kh6 32.Bg4 Qh4 33.Qe3+ Rf4
34.Be2 Rg8 35.Rxc7 Rg7 36.Rc1 Rf7 37.Bb5 Kg7 38.Qxa7 Qf2 39.Qa3 Qb6 40.Qd3
Rf3 41.Qe2 Rf2 42.Qd3 0-1

[Event "35th POL-ch"]
[Site "Krakow POL"]
[Date "1978.??.??"]
[Round "4"]
[White "Swic, Waldemar"]
[Black "Kuligowski, Adam"]
[Result "1/2-1/2"]
[WhiteElo "2275"]
[BlackElo "2310"]
[EventDate "1978.??.??"]
[PlyCount "43"]

1.e4 c5 2.Nf3 d6 3.d4 cxd4 4.Nxd4 Nf6 5.Nc3 a6 6.Bg5 e6 7.f4 Qc7 8.Qf3 
Nbd7 9.O-O-O Be7 10.g4 b5 11.Bxf6 Bxf6 12.g5 Be7 13.f5 Nc5 14.f6 gxf6 15.
gxf6 Bf8 16.Bh3 Bd7 17.Rhe1 O-O-O 18.b4 Nb7 19.Kb2 Kb8 20.Rd3 Rc8 21.Qh5 
Nd8 22.Re2 1/2-1/2